000 01232cam a2200289 4500
008 040419n2004 000 0 eng u
020 _a0728204282
035 _a(Sirsi) u125875
041 _aeng
050 _a346.41042
_c21
100 _aJones, Brian
245 _aRight to manage and service charges
_bthe new regime
260 _aLondon
_bEstates Gazette
_c2004
300 _axiv, 180p.
_c22cm.
350 _a26
520 _aAimed at professionals, landlords and tenants this useful guide examines the leasehold reform elements of the Commonhold and Leasehold Reform Act 2002 and their effects on the management of blocks of flats. Part one covers in some detail the new right to manage; part two deals with changes to service charges; and part three looks at ground rent and forfeiture. Includes a glossary of terms and useful addresses. Tables of statutes and statutory instruments.
650 _aRIGHT TO MANAGE
650 _aCOMMONHOLD AND LEASEHOLD REFORM ACT 2002
650 _aLEASEHOLD REFORM
650 _aBLOCKS OF FLATS
650 _aSERVICE CHARGES
650 _aGROUND RENT
650 _aFORFEITURE
650 _aLEASEHOLDERS
690 _aLANDLORD AND TENANT-LEASEHOLD REFORM
942 _n0
999 _c103492
_d103492